| 000 | 01069nam a22002417a 4500 | ||
|---|---|---|---|
| 003 | OSt | ||
| 005 | 20250930162913.0 | ||
| 008 | 240319b ||||| |||| 00| 0 eng d | ||
| 040 | _c0 | ||
| 082 | _aDPer 621.381 In821 August 2022 v. 37 n. 8 | ||
| 100 |
_aZhang, Zhuhaobo. _eauthor. _955007 |
||
| 245 |
_aA coil positioning method integrated with an orthogonal decoupled transformer for inductive power transfer systems / _cZhuhaobo Zhang, Shaoting Zheng, Zirui Yao, Dehong Xu, Philip T. Krein, and Hao Ma. |
||
| 260 |
_aNew York ; _bThe Institute of Electrical and Electronics Engineers, Inc. , _cAugust 2022. |
||
| 300 |
_aVolume 37, pages 9983-9998 : _billustration ; _c28 cm. |
||
| 500 | _aIEEE Transitions on Power Electronics, v. 37 n. 8, pages 9983-9998, August 2022. | ||
| 700 |
_aZhang, Zhuhaobo. _eauthor. _955007 |
||
| 700 |
_aZheng, Shaoting. _eauthor. _955008 |
||
| 700 |
_aYao, Zirui. _eauthor. _955009 |
||
| 700 |
_aXu, Dehong. _eauthor. _955010 |
||
| 700 |
_aKrein, Philip T. _eauthor. _955011 |
||
| 700 |
_aMa, Hao. _eauthor. _955012 |
||
| 942 |
_2ddc _cPER |
||
| 999 |
_c19755 _d19755 |
||